Parliament Square (Improvements) Act, 1949 (Record no. 86128)

MARC details
000 -LEADER
fixed length control field 00756cam a2200217 4500
001 - CONTROL NUMBER
control field M744
008 - FIXED-LENGTH DATA ELEMENTS--GENERAL INFORMATION
fixed length control field 970403 1949 l f
035 ## - SYSTEM CONTROL NUMBER
System control number (Sirsi) u5153
041 0# - LANGUAGE CODE
Language code of text/sound track or separate title eng
110 1# - MAIN ENTRY--CORPORATE NAME
Corporate name or jurisdiction name as entry element United Kingdom
Form subheading Laws, etc
9 (RLIN) 5044
245 00 - TITLE STATEMENT
Title Parliament Square (Improvements) Act, 1949
260 ## - PUBLICATION, DISTRIBUTION, ETC.
Place of publication, distribution, etc. London
Name of publisher, distributor, etc. HMSO
Date of publication, distribution, etc. 1949
300 ## - PHYSICAL DESCRIPTION
Extent 9p.
Dimensions 25cm.
520 ## - SUMMARY, ETC.
Summary, etc. Permits the London County Council to carry out works to improve the square including Little George Street adjacent to RICS.
650 24 - SUBJECT ADDED ENTRY--TOPICAL TERM
Topical term or geographic name entry element 12 GREAT GEORGE STREET
650 24 - SUBJECT ADDED ENTRY--TOPICAL TERM
Topical term or geographic name entry element PARLIAMENT SQUARE (IMPROVEMENTS) ACT 1949
651 #4 - SUBJECT ADDED ENTRY--GEOGRAPHIC NAME
Geographic name Westminster (City of)
Chronological subdivision 1900-1965
690 ## - LOCAL SUBJECT ADDED ENTRY--TOPICAL TERM (OCLC, RLIN)
Topical term or geographic name as entry element ABOUT RICS-RICS OFFICES-RICS HEAD OFFICES-RICS PARLIAMENT SQUARE
942 ## - ADDED ENTRY ELEMENTS (KOHA)
Suppress in OPAC 0
948 ## - LOCAL PROCESSING INFORMATION (OCLC); SERIES PART DESIGNATOR (RLIN)
c (OCLC) 04/03/1997
Holdings
Withdrawn status Lost status Source of classification or shelving scheme Damaged status Not for loan Home library Current library Shelving location Date acquired Total Checkouts Full call number Barcode Date last seen Copy number Price effective from Koha item type
    Dewey Decimal Classification     London London Basement 21/09/1992   BASEMENT 30036355 06/08/2019 1 06/08/2019 Book